000 nam a22 a 4500
999 _c170752
_d170752
003 BLK
005 20220122150818.0
008 180411b bul|||||r ||||||| ||bul||
010 _aKNG00178944000
040 _aBLK
041 _aBUL
_cBUL
080 _aСъобщителна техника. Вж и 621.3.09. Организация и експлоатация на съобщенията вж 654
_b621.39
_x(092)
_z621.39(092)
080 _aТомас Едисон. Американски изобретател и бизнесмен
_b929 Едисън, Томас Алва
_z929 Едисън, Томас Алва
100 1 _aМихайлов, Михаил Г.
_eпърви автор
_9338664
139 _aМихайлов, Михаил Г.
_bЕ 31
245 1 0 _aТомас Алва Едисон
_b1847 - 1931 : Биогр. очерк
_cМихаил Г. Михайлов.
257 _aBGR
260 _aСофия
_bНар. просв.
_c1961
300 _a80 с.
_bс ил.
_c25 см
380 _a62
490 _aБиблиотека Бележити хора на науката
_9206307
600 1 4 _aЕдисон, Томас Алва
_9223689
650 4 _aЕдисън, Томас Алва
_9258539
653 _aТомас Алва Едисон
852 _aЦб 23208
_bЦб
856 4 _qpdf
856 4 _qpdf
942 _cKNG
_n0
_s1
944 _aCR
_c29.07.2015
_kТеодора_Стоянова
944 _aED
_c29.07.2015
_kТеодора_Стоянова
999 _d170752